000 00296nam a22001337a 4500
008 180924b xxu||||| |||| 00| 0 eng d
020 _a068308271
041 _aeng
080 _a610
100 _a3
101 _aSHM
245 _aPulmonary Physiology in Medicine
_cTisi, G.M
942 _2udc
_cBK
999 _c48416
_d48416